[Event "Challenge"]
[Site "http://www.queenalice.com/game.php?id=223899"]
[Date "2007.6.12"]
[Round "-"]
[White "unforgettable"]
[Black "sora07"]
[Result "0-1"]
[WhiteElo "1568"]
[BlackElo "1655"]

1. d4 d5 2. c4 e6 3. Nf3 Nf6 4. Nc3 Nc6 5. Bg5 Be7 6. e3 O-O 7. Rc1 Bd7 8. Bxf6
Bxf6 9. cxd5 exd5 10. Nxd5 Bg4 11. Nxf6+ Qxf6 12. Bb5 Bxf3 0-1

[Event "AUTO-OPEN-696"]
[Site "http://www.queenalice.com/game.php?id=224027"]
[Date "2007.6.12"]
[Round "1"]
[White "Rimp"]
[Black "unforgettable"]
[Result "1-0"]
[WhiteElo "1788"]
[BlackElo "1518"]

1. Nf3 d5 2. d4 Nf6 3. e3 c6 4. c4 a6 5. a3 e6 6. Bd3 dxc4 7. Bxc4 Be7 8. O-O
Nbd7 9. Nc3 O-O 10. b4 a5 11. bxa5 1-0

[Event "AUTO-OPEN-696"]
[Site "http://www.queenalice.com/game.php?id=224029"]
[Date "2007.6.12"]
[Round "1"]
[White "Mr_Lopes"]
[Black "unforgettable"]
[Result "0-1"]
[WhiteElo "899"]
[BlackElo "1568"]

1. e4 c5 2. Nc3 d6 3. Bb5+ Nd7 4. Qg4 a6 5. Ba4 b5 6. Bb3 c4 7. e5 cxb3 8. exd6
Nb6 9. dxe7 Qxe7+ 10. Qe4 bxc2 11. Nge2 Bb7 12. Qxe7+ Bxe7 13. Nd4 Bxg2 14. Rg1
Bf6 15. Nxc2 Bf3 16. d4 Ne7 17. Bg5 Bxg5 18. Rxg5 O-O 19. a4 bxa4 20. Nxa4 Rac8
21. Kd2 Nc4+ 22. Kc1 f6 23. Rc5 a5 24. Ne3 Nd6 25. Nb6 Rxc5+ 26. dxc5 Nb7 27.
Nd7 Rd8 28. c6 Nxc6 0-1

[Event "game012!"]
[Site "http://www.queenalice.com/game.php?id=224190"]
[Date "2007.6.13"]
[Round "-"]
[White "unforgettable"]
[Black "JManoel"]
[Result "0-1"]
[WhiteElo "1529"]
[BlackElo "2019"]

1. c4 g6 2. Nc3 Bg7 3. d4 Nf6 4. e4 d6 5. h3 O-O 6. Bg5 c6 7. Nf3 h6 8. Be3 d5
9. exd5 cxd5 10. Qc1 Kh7 11. cxd5 Nxd5 12. Nxd5 Qxd5 13. Bc4 Qe4 14. Qd1 Be6 15.
Bxe6 Qxe6 16. O-O Rd8 17. Re1 Qd5 0-1

[Event "AUTO-OPEN-698"]
[Site "http://www.queenalice.com/game.php?id=224808"]
[Date "2007.6.14"]
[Round "1"]
[White "pcaldas"]
[Black "unforgettable"]
[Result "1-0"]
[WhiteElo "1142"]
[BlackElo "1464"]

1. e4 c6 2. d3 d5 3. exd5 cxd5 4. d4 Nf6 5. Bg5 Qb6 6. Bxf6 Qxb2 7. Nd2 exf6 8.
Qb1 Qxd4 9. Bb5+ Nc6 10. Bxc6+ bxc6 11. Ngf3 Qa4 12. O-O Bd6 13. g3 Bh3 14. Re1+
1-0

[Event "AUTO-OPEN-698"]
[Site "http://www.queenalice.com/game.php?id=224809"]
[Date "2007.6.14"]
[Round "1"]
[White "unforgettable"]
[Black "pcaldas"]
[Result "0-1"]
[WhiteElo "1510"]
[BlackElo "1130"]

1. c4 e5 2. Nc3 Bb4 3. Nd5 Bc5 4. e3 c6 5. d4 cxd5 6. dxc5 dxc4 7. Qd6 Qe7 8.
Bxc4 Nf6 9. Qxe7+ Kxe7 10. Nf3 Nc6 11. b3 Re8 12. Bb2 Kf8 0-1

[Event "AUTO-OPEN-698"]
[Site "http://www.queenalice.com/game.php?id=224856"]
[Date "2007.6.14"]
[Round "1"]
[White "unforgettable"]
[Black "sateyea"]
[Result "0-1"]
[WhiteElo "1529"]
[BlackElo "2063"]

1. c4 e5 2. Nc3 c6 3. Nf3 Bd6 4. d4 Qe7 5. e4 Bc7 6. Be2 d6 7. c5 h6 8. cxd6
Bxd6 9. dxe5 Bxe5 10. Nxe5 Qxe5 11. Be3 Ne7 12. f4 Qc7 13. f5 Ng8 14. O-O Nd7
15. Rc1 Ngf6 16. Nb5 Qa5 17. Nd6+ Kf8 18. Qb3 Ne5 0-1

[Event "AUTO-OPEN-698"]
[Site "http://www.queenalice.com/game.php?id=224857"]
[Date "2007.6.14"]
[Round "1"]
[White "sateyea"]
[Black "unforgettable"]
[Result "1-0"]
[WhiteElo "2063"]
[BlackElo "1529"]

1. e4 c6 2. d4 d5 3. e5 Bf5 4. Nc3 e6 5. Be3 Ne7 6. Be2 Nc8 7. Nf3 Bb4 8. O-O
O-O 9. a3 Be7 10. h3 Nd7 11. b4 a5 12. b5 cxb5 13. Nxb5 f6 14. a4 fxe5 15. Nxe5
Nxe5 16. dxe5 Bg5 17. f4 Bh4 18. Kh2 Qd7 19. Bd3 Bd8 20. Bxf5 Rxf5 21. c4 Bb6
22. c5 1-0